| 000 | 00448nam a2200169Ia 4500 | ||
|---|---|---|---|
| 003 | GCL | ||
| 008 | 140319s9999 xx 000 0 ara d | ||
| 040 |
_aGCL / _cGCL |
||
| 082 | 0 | 4 |
_a227 _bع ع |
| 100 | 1 | _aعبدالله شحاتة | |
| 245 | 1 | 0 |
_aعلوم التفسير / _cعبدالله شحاتة |
| 260 |
_a[S.N] : _bمكتبة نهضة الشرق ، _c1986 |
||
| 300 | _a282 | ||
| 490 | _a | ||
| 650 | 0 | 4 | _aالقران |
| 942 |
_2ddc _cBK |
||
| 999 |
_c49573 _d49573 |
||